000 01011 a2200217 4500
001 54220
005 20260407155812.0
008 260407a1982 arg spa d
003 AR-UNSa-BCEJYS
040 _aAR-UNSa-BCEJYS
_bspa
_cAR-UNSa-BCEJYS
080 _a336.748
_xPrecios del cambio de monedas. Movimientos de los precios de cambio. Fluctuaciones en los precios de cambio (Inflación, Deflación)
245 1 0 _aInflación y estabilidad
020 _a950 037 016 8
264 1 _aBuenos Aires :
_bEdiciones Macchi
_c1982
300 _a335 p.
_c22 cm.
505 _a1. Introducción – 2. Marco conceptual del problema de estabilización – 3. Efectos iniciales del proceso de estabilización – 4. El debate credibilidad vs. Pragmatismo – 5. Consistencia entre pauta cambiaria y política fiscal – 6. Las estampidas de las tasas – 7. Consideraciones finales.
942 _cBK
590 _aniveau_biblio:m niveau_hierar:0
100 1 _aFernández, Roque B.
700 1 _aRodríguez, Carlos A.
999 _c5391
_d5391